| 000 | 00881cam a22002893a 4500 | ||
|---|---|---|---|
| 001 | 0000745 | ||
| 003 | DO-SdBNP | ||
| 005 | 20241002135254.0 | ||
| 007 | 0000745 | ||
| 008 | 8611122004 mx a 000 0 spa d | ||
| 010 | _a | ||
| 020 | _a9681909895 | ||
| 040 |
_aBPMSU _cspa _dBPMSU _d |
||
| 082 | 4 |
_a808.83 _bT776u 2004 _222 |
|
| 245 | 0 | 0 |
_aTratado universal de monstruos / _ccompilación Lucía Laragione ; ilustraciones Ricardo Peláez |
| 250 | _a | ||
| 260 |
_aMéxico : _bAlfaguara ; _bSantillana ediciones generales, _c2005 _f |
||
| 300 |
_a149 p. : _bil. ; _c20 cm. |
||
| 490 | 0 | _aAlfaguara juvenil | |
| 590 | _aInventariado, 2024/VM | ||
| 650 | 4 | _aCuentos de terror | |
| 650 | 4 |
_aMonstruos _vCuentos juveniles |
|
| 700 | 1 |
_aPeláez, Ricardo, _eilustración |
|
| 700 | 1 |
_aLaragione, Lucía, _d1946- |
|
| 910 | _aVMateo V. Control de calidad. BPMSU | ||
| 942 |
_2ddc _cBK |
||
| 999 |
_c11655 _d11655 |
||